000 00848nam a2200265Ia 4500
003 OSt
005 20220928125840.0
006 a|||||r|||| 00| 0
007 ta
008 220927b |||||||| |||| 00| 0 eng d
020 _c7738.1535000000003
024 _a120220
037 _b032, 25/10/2013, Excel Book International
_cTextual
040 _aSDCL
_cSDCL
_beng
041 _2eng
_aeng
082 _aX64:(B), Q3
100 _aFocardi Sergio M
_9439221
245 0 _aMathematical methods for finance
_b Tools for asset and risk management.
260 _aNew Jersey
_bwiley
_c2013
300 _axviii;302p.
_ccm.
650 _aFinancial Studies
700 _a Fabozzi Frank J
942 _hX64:(B), Q3
_cTEXL
_2CC
999 _c784458
_d784458